000 00447nam a2200181Ia 4500
008 240925s9999 xx 000 0 und d
020 _aNA
082 _a657.45 SAE
100 _aSaeed, Khawaja Amjad
245 0 _aPrinciples of Auditing
250 _aNA
260 _aLahore:
_bKhawaja Publications
_c,2006.
300 _avii, 340p.
_b0
_fOriginal
500 _aIncludes Index
600 _aManagement
650 _aAccounting
942 _cBK
999 _c15154
_d15154